000 00519nam a2200169 i 4500
001 94672
003 ES-MaACL
005 20230906181530.0
007 t|
008 050511s1973 sp ||||1| spa d
020 _a84-7002-147-8
100 1 _aLozano González, Jesús.
_974444
245 1 3 _aLa Segunda República
_b: imágenes , cronología y documentos /
_cJesús Lozano González.
260 _aBarcelona :
_bAcervo,
_c1973.
300 _a504 p. con lám., 3 h. ;
_c31 cm.
852 _aES-MaACL
_jC-51832
_bR.85792
999 _c94672
_d94672